000 01757cam a22002414a 4500
005 20250605164238.0
008 250528s ||||||||||||||||||||||||d
035 _a21237
020 _a9781412935074
040 _aGR-AtMCL
_bgre
_dGR-AtMCL
_eAACR2
245 1 _aAssessment and Case Formulation in Cognitive Behavioural Therapy
250 _a1st
260 _bSage,
_c2008
300 _a246
520 _aAn important contribution to the development of cognitive therapy that synthesizes the best of traditional cognitive therapy with important new developments emerging from a range of different areas. Acknowledgements, Foreword, Introduction, Cognitive Behavioral Assessment and Case Formulation, Assessment in CBT: The Ideographic Approach, Process and Related Issues in Cognitive Behavioral Assessment, The Fundamentals of Case Formulation, Key Issues in Cognitive Behavioral Case Formulation, The Transdiagnostic Turn and Models of Assessment and Case Formulation in Action, Case Studies, Ian: A Case Study of Obsessional Compulsive Disorder, Alice: A Case Study of Helping a Client Suffering from Borderline Personality Disorder, An Organizationally Focused Case Study of PTSD, Case Formulation: Cognitive Behavioral Family Therapy, Broadening the Cognitive Behavioral Formulation for Low Self-Esteem: Helping ''Claire'' with her damaged and Broken Self, A Cognitive Behavioral Case Formulation for Distressing Psychosis, Health Anxiety: A Case Study, A Case Study and Formulation of Chronic Depression in a Client with High Self-Criticism, Index.
700 1 _aCockx Adrian
_97262
700 1 _aGrant Alec
_93794
700 1 _aMills Jem
_97263
700 1 _aTownend Michael
_97264
942 _cBK
999 _c6304
_d6304